00357nam a22001337a 4500003000400000008004100004020001800045082001500063100001800078245005200096260003400148300001200182650002900194OSt260120b |||||||| |||| 00| 0 eng d a9789388022866 a615.19 GUE aGupta, Pravin aExperimental Handbook of Physical Pharmaceutics aN.DelhibI.P Innovativec2023 avii,208 aPhysical pharmaceutics-1